000 00387nam a2200169Ia 4500
003 OSt
005 20240430155017.0
008 170619s9999 xx 000 0 und d
020 _a8152240116
040 _cIIMT ENGINEERING COLLEGE
100 _aGarde- R J
245 0 _aEngineering Fluid Mechanics
260 _bNem Chand
260 _c2002
546 _aENGLISH
942 _2ddc
_c01
999 _c16945
_d16945